| 000 | 00449nam a2200145Ia 4500 | ||
|---|---|---|---|
| 008 | 231129s2001||||xx |||||||||||||| ||spa|| | ||
| 020 | _a958-655-505-4 | ||
| 040 | _bspa | ||
| 082 | _a530.141 G283t | ||
| 100 | _aGaviria Ortiz ílvaro | ||
| 245 | 0 | _aTeoría electromagnética: proposiciones y soluciones | |
| 260 | _c2001 | ||
| 264 | _aMedellín Colombia : Universidad de Antioquia | ||
| 942 |
_2ddc _cBKS |
||
| 999 |
_c25228 _d25228 |
||